000 00462nam a2200181Ia 4500
001 25433
005 20260414151150.0
008 260414t2003||||xx |||||||||||||| ||spa||
041 _aESP
082 _a346.5
_bR91 2003
100 _aRubio Correa, Marcial
_eAUT
245 0 _aNulidad y anulabilidad :
_bla invalidez del acto jurídico
260 _c2003
300 _a136 páginas :
_c21 cm.
650 _aDER
654 _aCDE
942 _cLIB
_dJUS
_fJUS
_2ddc
_n
999 _c25433
_d25433